Christ, church and society : essays on John Baillie and Donald Baillie / (Record no. 30989)
[ view plain ]
| 000 -LEADER | |
|---|---|
| fixed length control field | 01066nam a22002651a 4500 |
| 001 - CONTROL NUMBER | |
| control field | 4792529 |
| 005 - DATE AND TIME OF LATEST TRANSACTION | |
| control field | 20110718130839.0 |
| 008 - FIXED-LENGTH DATA ELEMENTS--GENERAL INFORMATION | |
| fixed length control field | 930601s1993 stk b 001 0deng d |
| 020 ## - INTERNATIONAL STANDARD BOOK NUMBER | |
| International Standard Book Number | 0567096173 |
| 035 ## - SYSTEM CONTROL NUMBER | |
| System control number | (OCoLC)ocm28187820 |
| 035 ## - SYSTEM CONTROL NUMBER | |
| -- | AWZ-0730 |
| 035 ## - SYSTEM CONTROL NUMBER | |
| System control number | (CONdb)98301 |
| 040 ## - CATALOGING SOURCE | |
| Original cataloging agency | VUT |
| Transcribing agency | VUT |
| Modifying agency | IDK |
| -- | CONdb |
| 245 00 - TITLE STATEMENT | |
| Title | Christ, church and society : essays on John Baillie and Donald Baillie / |
| Statement of responsibility, etc | edited by David Fergusson. |
| Medium | [Text] |
| 260 ## - PUBLICATION, DISTRIBUTION, ETC. (IMPRINT) | |
| Place of publication, distribution, etc | Edinburgh |
| Name of publisher, distributor, etc | T&T Clark |
| Date of publication, distribution, etc | 1993 |
| 300 ## - PHYSICAL DESCRIPTION | |
| Extent | vii, 300 p. ; 23 cm. |
| 504 ## - BIBLIOGRAPHY, ETC. NOTE | |
| Bibliography, etc | "Bibliography of principal writings" : p. 293-296. Includes bibliographical references and index. |
| 505 0# - FORMATTED CONTENTS NOTE | |
| Formatted contents note | "Bibliography of principal writings" : p. 293-296. Includes bibliographical references and index. |
| 600 10 - SUBJECT ADDED ENTRY--PERSONAL NAME | |
| Personal name | Baillie, D. M. |
| Fuller form of name | Donald Macpherson),) - 188 |
| Dates associated with a name | 7-1954. |
| 600 10 - SUBJECT ADDED ENTRY--PERSONAL NAME | |
| Personal name | Baillie, John, |
| Dates associated with a name | 1886-1960. |
| 610 20 - SUBJECT ADDED ENTRY--CORPORATE NAME | |
| Corporate name or jurisdiction name as entry element | Church of Scotland |
| General subdivision | Doctrines |
| -- | History |
| Chronological subdivision | 20th century. |
| 650 #0 - SUBJECT ADDED ENTRY--TOPICAL TERM | |
| Topical term or geographic name as entry element | Theologians |
| Geographic subdivision | Scotland. |
| 650 #0 - SUBJECT ADDED ENTRY--TOPICAL TERM | |
| Topical term or geographic name as entry element | Theology, Doctrinal |
| Geographic subdivision | Scotland |
| General subdivision | History |
| Chronological subdivision | 20th century. |
| 700 10 - ADDED ENTRY--PERSONAL NAME | |
| Personal name | Fergusson, David |
| Withdrawn status | Lost status | Source of classification or shelving scheme | Damaged status | Not for loan | Collection code | Home library | Current library | Shelving location | Date acquired | Cost, normal purchase price | Total Checkouts | Full call number | Barcode | Date last seen | Copy number | Price effective from | Koha item type |
|---|---|---|---|---|---|---|---|---|---|---|---|---|---|---|---|---|---|
| Library of Congress Classification | General Circulation | AIU/NEGST - Tony Wilmot Memorial Library | AIU/NEGST - Tony Wilmot Memorial Library | General Stacks | 09/10/2009 | 54.88 | BX 9225.B333C47 1993 | R54412P3232 | 09/02/2019 | 1 | 09/10/2009 | Books |
